00799nam a22001817a 4500999001900000005001700019010001500036020003000051035001400081037001300095082000800108245008100116260006800197270015600265300003000421942002200451952014400473 c176584d17658420210111123714.0 aENG-128744 a978-93-534-3782-4c699.00 aEN-112276 bDBAD/PUB a624 aGATE Topic-wise Previous Years Solved Question Papers Civil Engineering 2020 aUttar PradeshbPearson India Education Services Pvt. Ltd.c2020 bUttar Pradeshe201301a15th Floor, Tower-B, World Trade Tower, Plot No.- 1, Block-C, Sector-16, Noidamcompanysecretary.india@pearson.comk044-66540100 avarious pages.c25cm(pbk) 2ddccENh624mGAT 001040708NFICaLbLd2021-01-11eDBAD/PUBg699.00l10m9o624 GATpEN-112276r2025-02-01 00:00:00s2025-01-16t1v699.00w2021-01-11yEN